Mal byť Jim Morrison zavraždený? ďalšie skutočnosti z posledných dní ... Jamesa Douglasa Morrisona [7. časť]

Bibliographic Details
Format: Article
Language:Slovak
Subjects:

MARC

LEADER 00000nab a2200000 a 4500
001 vtls009004693
003 SK-MaSNL
005 20260304152401.0
008 250506c2007 xo qr|p|||||||000 b|slo
015 |a SNBRB2007/07  |2 snkbucl 
035 |a (uuid)267fffc3-4189-4dfd-8023-d02f2fb4447b 
035 |a urn:nbn:sk:snk-abc1u8 
035 |a (urnnbn)urn:nbn:sk:snk:ar-003r57 
038 |a SNKBUCL 
040 |a SNKBUCL  |b slo  |c SNKBUCL  |e AACR2 
041 0 |a slo 
044 |a xo  |c SK 
080 |a 78.071./.2:784.66  |2 2001 
080 |a 784.66  |2 2001 
080 |a 929 Morrison, Jim  |2 2001 
245 0 0 |a Mal byť Jim Morrison zavraždený?  |b ďalšie skutočnosti z posledných dní ... Jamesa Douglasa Morrisona  |n [7. časť]  |c spracoval: -mag- 
300 |b Fotogr., kresby 
500 |a Pokračovanie 
600 1 7 |a Morrison, Jim  |d 1943-1971  |x okolnosti smrti  |2 snkbucl  |9 1451190 
773 0 |t Dotyky  |g Roč. XIX, č. 1 (2007), s. 83-85  |x 1210-2210 
850 |a Slovenská národná knižnica 
852 |a Slovenská národná knižnica 
958 |a article15 
958 |a OND 
958 |a BC 
958 |a US 
958 |a EUIPO 
999 |c 2948721  |d 2950651